Sports Quiz

Random Sports or State Quiz
Score 0/11 Timer 07:00
0 Plays Today
Hint Answer % Correct
#12 Sam Thompson
87.2%
#0DeAngelo Russell
85.1%
#23Amir Williams
80.9%
#15Kam Williams
80.9%
#3Shannon Scott
78.7%
#2Marc Loving
72.3%
#55Tre McDonald
63.8%
#1Jaesean Tate
63.8%
#33Keita Bates-Diop
53.2%
#31Anthony Lee
42.6%
#34Jake Lorbach
40.4%
Remove Ads.
Support Sporcle.
Get the best of Sporcle when you Go Orange. This ad-free experience offers more features, more stats, and more fun while also helping to support Sporcle. Thank you for becoming a member.

You're not logged in!

Compare scores with friends on all Sporcle quizzes.
OR
Log In

Show Comments

Extras

Top Quizzes Today


Score Distribution

Your Account Isn't Verified!

In order to create a playlist on Sporcle, you need to verify the email address you used during registration. Go to your Sporcle Settings to finish the process.

Report this User

Report this user for behavior that violates our Community Guidelines.

Details: